MARC details
| 000 -LEADER |
| campo de control de longitud fija |
01599cac a2200301 a 4500 |
| 003 - IDENTIFICADOR DE NÚMERO DE CONTROL |
| campo de control |
CO-PeBPM |
| 005 - FECHA Y HORA DE LA ÚLTIMA TRANSACCIÓN |
| campo de control |
20260413112738.0 |
| 007 - CAMPO FIJO DE DESCRIPCIÓN FÍSICA--INFORMACIÓN GENERAL |
| campo de control de longitud fija |
ta |
| 008 - DATOS DE LONGITUD FIJA--INFORMACIÓN GENERAL |
| campo de control de longitud fija |
240613s2018c]||ck x |||||||||||||| spand|| |
| 020 ## - NÚMERO INTERNACIONAL ESTÁNDAR DEL LIBRO |
| Número Internacional Estándar del Libro |
9789585500051 |
| 040 ## - FUENTE DE CATALOGACIÓN |
| Centro catalogador/agencia de origen |
CO-PeBPM |
| Lengua de catalogación |
spa |
| Centro/agencia transcriptor |
CO-PeBPM |
| Normas de descripción |
rda |
| 041 ## - CÓDIGO DE IDIOMA |
| Código de lengua del texto/banda sonora o título independiente |
spa |
| 082 04 - NÚMERO DE LA CLASIFICACIÓN DECIMAL DEWEY |
| Número de clasificación |
303.6409861 C397p |
| Número de edición |
22 |
| 110 1# - ENTRADA PRINCIPAL--NOMBRE DE ENTIDAD CORPORATIVA |
| Nombre de entidad corporativa o nombre de jurisdicción como elemento de entrada |
Centro Nacional de Memoria Histórica |
| 245 10 - MENCIÓN DEL TÍTULO |
| Título |
Paramilitarismo |
| Resto del título |
: Balance de la Contribución del CNMH al Esclarecimiento Histórico |
| Mención de responsabilidad, etc. |
/ Centro Nacional de Memoria Histórica, Teófilo Vásquez Delgado, Victor Barrera ; fotografía Daniel Sarmiento |
| 250 ## - MENCION DE EDICION |
| Mención de edición |
Primera edición |
| 264 ## - PRODUCCIÓN, PUBLICACIÓN, DISTRIBUCIÓN, FABRICACIÓN Y COPYRIGHT |
| Producción, publicación, distribución, fabricación y copyright |
Bogotà, Colombia |
| Nombre del de productor, editor, distribuidor, fabricante |
: Centro Nacional de Memoria Històrica |
| Fecha de producción, publicación, distribución, fabricación o copyright |
, 2018 |
| 300 ## - DESCRIPCIÓN FÍSICA |
| Extensión |
230 Páginas |
| Dimensiones |
: 23 cm. |
| 500 ## - NOTA GENERAL |
| Nota general |
Incluye ìndice |
| 520 ## - RESUMEN, ETC. |
| Sumario, etc. |
Este balance aspira a ser un documento sintético, analítico y, sobre todo, pertinente para las actividades de esclarecimiento sobre el fenómeno paramilitar en Colombia, que incite nuevas lecturas, contribuya a brindar las garantías de no repetición y formule diseños institucionales encaminados a superar los múltiples y diversos fenómenos de privatización de la violencia y la seguridad, que han impedido la consolidación del Estado en el territorio nacional. Tomado de la contracubierta del libro. |
| 650 17 - PUNTO DE ACCESO ADICIONAL DE MATERIA--TÉRMINO DE MATERIA |
| Término de materia o nombre geográfico como elemento de entrada |
Paramilitares |
| Fuente del encabezamiento o término |
LEMB |
| 650 17 - PUNTO DE ACCESO ADICIONAL DE MATERIA--TÉRMINO DE MATERIA |
| Término de materia o nombre geográfico como elemento de entrada |
Memoria histórica |
| Fuente del encabezamiento o término |
LEMB |
| 650 17 - PUNTO DE ACCESO ADICIONAL DE MATERIA--TÉRMINO DE MATERIA |
| Término de materia o nombre geográfico como elemento de entrada |
Autodefensas Unidas de Colombia |
| Fuente del encabezamiento o término |
LEMB |
| 650 17 - PUNTO DE ACCESO ADICIONAL DE MATERIA--TÉRMINO DE MATERIA |
| Término de materia o nombre geográfico como elemento de entrada |
Investigación histórica |
| Fuente del encabezamiento o término |
LEMB |
| 700 1# - ENTRADA AGREGADA--NOMBRE PERSONAL |
| Nombre de persona |
Vásquez Delgado, Teófilo |
| Término indicativo de función/relación |
Relatores |
| 700 1# - ENTRADA AGREGADA--NOMBRE PERSONAL |
| Nombre de persona |
Barrera, Víctor |
| Término indicativo de función/relación |
Relatores |
| 942 ## - ELEMENTOS DE ENTRADA SECUNDARIOS (KOHA) |
| Fuente del sistema de clasificación o colocación |
Clasificación Decimal Dewey |
| Suprimir en OPAC |
No |
| Tipo de ítem Koha |
Libros |